00368cam a22001097a 4500008004000000082001400040100001800054245010600072260005700178300000900235650001400244180718b1959 xxu||||| |||| 00| 0 eng d aT34 N213p aPaul, Wishart aA philosophy of marketing and management: four keynote talks on marketingcby Wishart Paul... [et.al] aNew YorkbNational Industrial Conference Boardc1959 a59p. aMarketing